Statistics for Animals Mentioned in the Bible

Click here to take the quiz!

General Stats

  • This quiz has been taken 131 times
  • The average score is 26 of 74

Answer Stats

Mentioned:Animal:% Correct
Judges 14:8, 1 Kings 13:24, Isaiah 30:6 and 65:25, Daniel 6:7, Ezekiel 1:10, 1 Peter 5:8, Revelation 4:7 and 13:2Lion
94%
Exodus 12:5, 1 Samuel 17:34, Matthew 25:33, Luke 15:4, John 10:7Sheep
89%
Isaiah 11:7, Daniel 4:25, Luke 14:5Cow
88%
Exodus 7:18, Jonah 1:17, Matthew 14:17 and 17:27, Luke 24:42, John 21:9Fish
84%
Kings 4:26, 2 Kings 2:11, Revelation 6:2-8 and 19:14Horse
84%
Leviticus 11:7, Deuteronomy 14:8, Proverbs 11:22, Isaiah 65:4 and 66:3, Matthew 7:6 and 8:31, 2 Peter 2:22Pig
83%
Judges 7:5, 1 Kings 21:23–24, Ecclesiastes 9:4, Matthew 15:26-27, Luke 16:21, 2 Peter 2:22, Revelation 22:15Dog
81%
Numbers 22:21–41, Isaiah 1:3 and 30:6, John 12:14Donkey
81%
Genesis 8:8, 2 Kings 6:25, Matthew 3:16 and 10:16, John 2:16Dove
77%
Exodus 4:3, Numbers 21:9, Proverbs 23:32, Isaiah 11:8, 30:6, and 59:5Snake
77%
Genesis 4:2, 1 Samuel 17:34Lamb
73%
Exodus 19:4, Isaiah 40:31, Ezekiel 1:10, Daniel 7:4, Revelation 4:7 and 12:14Eagle
72%
Samuel 17:34, Genesis 15:9 and 37:31, Daniel 8:5, Leviticus 16:7, Matthew 25:33Goat
72%
Genesis 24:10, Leviticus 11:4, Isaiah 30:6, and Matthew 3:4, 19:24, and 23:24Camel
71%
Jonah 1:17Whale
71%
1 Samuel 17:34-37, 2 Kings 2:24, Isaiah 11:7, Daniel 7:5, Revelation 13:2Bear
67%
Ecclesiastes 10:1Fly
59%
Deuteronomy 12:15, 14:5Deer
53%
Genesis 8:7, Leviticus 11:15, 1 Kings 17:4Raven
53%
Isaiah 11:6, Matthew 7:15Wolf
52%
Exodus 8:2, Revelation 16:13Frog
51%
Proverbs 6:6 and 30:25Ant
50%
Exodus 10:4, Leviticus 11:22, Joel 1:4, Matthew 3:4, Revelation 9:3Locust
50%
1 Samuel 11:7, 2 Samuel 6:6, 1 Kings 19:20–21, Job 40:15, Isaiah 1:3, Ezekiel 1:10Ox
48%
Judges 14:8Bee
47%
Isaiah 11:6, Jeremiah 13:23, Daniel 7:6, Revelation 13:2Leopard
42%
Leviticus 11:29Rat
42%
Leviticus 11:16, Job 39:26Hawk
39%
Isaiah 30:7*Dragon
38%
2 Samuel 18:9, 1 Kings 1:38Mule
38%
Leviticus 11:30Lizard
37%
Judges 15:4, Nehemiah 4:3, Matthew 8:20, Luke 13:32Fox
35%
Genesis 15:9, Exodus 25:5.Ram
33%
Matthew 10:31Sparrow
32%
Isaiah 66:24, Jonah 4:7Worm
32%
Leviticus 11:17, Isaiah 34:15, Psalms 102:6Owl
30%
Genesis 15:9, Luke 2:24Pigeon
30%
Leviticus 11:13Vulture
29%
Leviticus 11:14Falcon
28%
Matthew 26:34Rooster
28%
Isaiah 27:1, Psalms 74:14, Job 41:1*Leviathan
25%
Lamentations 4:3Ostrich
25%
Isaiah 59:5Spider
24%
Leviticus 11:22Grasshopper
20%
Deuteronomy 14:5, Isaiah 51:20Antelope
18%
Deuteronomy 12:15 and 14:5Gazelle
18%
Psalms 58:8Snail
17%
Exodus 8:16, Matthew 23:24Gnat
16%
Job 40:15*Behemoth
15%
1 Kings 10:22Peacock
15%
Leviticus 11:19, Isaiah 2:20Bat
14%
Leviticus 11:6Hare
14%
Isaiah 34:14Hyena
14%
1 Samuel 24:14 and 26:20Flea
13%
Exodus 16:13, Numbers 11:31Quail
12%
1 Kings 12:11 and 12:14, Luke 10:19, Revelation 9:3, 9:5, and 9:10.Scorpion
11%
Leviticus 11:22Cricket
10%
Isaiah 38:14Crane
9%
Isaiah 14:11, Mark 9:48, Job 7:5, 17:14, and 21:26Maggot
8%
Matthew 6:19, Isaiah 50:9 and 51:8Moth
8%
Leviticus 11:19Stork
8%
Leviticus 11:19Heron
7%
Leviticus 11:14Kite
6%
Proverbs 30:15Leech
6%
Leviticus 11:16Seagull
5%
Isaiah 38:14Swallow
5%
Leviticus 11:30Gecko
3%
1 Samuel 26:20Partridge
3%
Leviticus 11:30Chameleon
2%
Leviticus 11:17Cormorant
2%
Deuteronomy 14:5Roe Deer
2%
Leviticus 11:29Mole Rat
1%
Deuteronomy 14:5Mountain Sheep
1%
Leviticus 11:30Monitor Lizard
0%

Score Distribution

Percentile by Number Answered

Percent of People with Each Score

Your Score History

You have not taken this quiz